| 000 | 01789cam a22004457i 4500 | ||
|---|---|---|---|
| 005 | 20260322212030.0 | ||
| 008 | data | ||
| 010 | _a 2012474798 | ||
| 015 |
_aGBB480829 _2bnb |
||
| 016 | 7 |
_a016814584 _2Uk |
|
| 020 | _a1465422846 | ||
| 020 | _a9781465422842 | ||
| 040 |
_aYDXCP _beng _cYDXCP _erda _dDLC _dBDX _dUKMGB _dBIB _dFOLLT _dIH7 _dCO2 _dJAO _dNYP _dVP@ _dCPL _dDLC |
||
| 042 | _alccopycat | ||
| 050 | 0 | 0 |
_aTT562 _b.B53 2014 |
| 082 | 0 | 4 |
_a391 _223 |
| 092 | _a391 Bla 2014 | ||
| 100 | 1 |
_aBlack, Alexandra, _eauthor. |
|
| 245 | 1 | 4 |
_aThe fashion book / _cAlexandra Black & DK Publishing, Inc. |
| 250 | _aFirst American edition. | ||
| 264 | 1 |
_aNew York : _bDK Publishing, _c2014. |
|
| 300 |
_a160 pages : _billustrations (some color), portraits ; _c24 cm |
||
| 336 |
_atext _btxt _2rdacontent |
||
| 336 |
_astill image _bsti _2rdacontent |
||
| 337 |
_aunmediated _bn _2rdamedia |
||
| 338 |
_avolume _bnc _2rdacarrier |
||
| 500 | _a"Create your own cool looks from the story of style."--Cover. | ||
| 500 | _aIncludes index. | ||
| 520 | _aA sassy style guide for teenage girls shares insight into the fashion world and how to personalize one's appearance for best results, chronicling fashion trends throughout history while sharing practical tips from top designers and models. | ||
| 650 | 0 | _aWomen's clothing. | |
| 650 | 0 |
_aWomen's clothing _xHistory. |
|
| 650 | 0 | _aFashion. | |
| 650 | 0 |
_aFashion _xHistory. |
|
| 710 | 2 | _aDK Publishing, Inc. | |
| 856 | 4 | 2 |
_3Publisher description _uhttp://www.loc.gov/catdir/enhancements/fy1502/2012474798-d.html |
| 906 |
_a7 _bcbc _ccopycat _d2 _encip _f20 _gy-gencatlg |
||
| 925 | 0 |
_aacquire _b1 shelf copies _xpolicy default |
|
| 001 | data | ||
| 999 |
_c690 _d690 |
||